| 000 | 004040000a22001690004500 | ||
|---|---|---|---|
| 003 | MACL | ||
| 005 | 20160109170608.0 | ||
| 008 | 160109b xxu||||| |||| 00| 0 eng d | ||
| 040 |
_aMACL _cMACL |
||
| 041 | _aEnglish | ||
| 082 | _a910/GON | ||
| 100 |
_aGunther, John _929020 |
||
| 245 | _aInside U S A | ||
| 260 |
_bHamish Hamilton _c1947 _aLondon |
||
| 650 |
_aTravel _930623 |
||
| 942 |
_cBK _k910/GUN _2ddc |
||
| 999 |
_c38937 _d38937 |
||